000 00420cam a2200193 4500
001 D11922
008 090401t1948 xxu||||| |||| 00| 0 eng d
035 _a(Sirsi) u273
041 _aeng
100 _aAdkin, B. W.
245 _aLocal taxation
250 _a4th
260 _aLondon
_bEstates Gazette
_c1948
350 _a0
520 _aShelf 113
700 _aEve, H Brian
942 _n0
948 _c04/03/1997
999 _c85514
_d85514